000 01980nam a22001457a 4500
999 _c530981
_d530981
008 250722b ||||| |||| 00| 0 eng d
100 _aCai, Yishu et al
_955540
245 _aCSR As hedging against institutional transition risk: Corporate philanthropy after the sunflower movement in Taiwan
260 _aAdministrative Science Quarterly
300 _a70(2), Jun, 2025: p.367-402
520 _aFirms with political connections to a regime with an authoritarian history face a dilemma when the regime undergoes a democratic transition. Such connections provide an essential competitive advantage when the regime is in power but become a liability when an institutional transition brings democratic change. This study theorizes that when mass protests expose a regime’s distorted policies favoring elites over others and signal a high probability of regime turnover, firms may hedge against the risks associated with their political connections by engaging in philanthropy. We further contend that this effect is stronger for firms located in regions characterized by the rise of an opposing political party or a strong civil society. We find support for our theory in Taiwan’s 2014 Sunflower Movement. Our article reveals a strategy that firms adopt to survive democratic transitions and thus contributes to research on how firms use non-market strategies to adapt to institutional changes. Our research also shows that strategic corporate social responsibility (CSR) can substitute for corporate political activity or compensate for its limitations, and it expands research on the signaling function of social movements from public to private politics.- Reproduced https://journals.sagepub.com/doi/full/10.1177/00018392241307852
650 _aCorporate social responsibility, Philanthropic donation, Corporate political action, Political connection, Mass protest, Institutional transition.
_955541
773 _aAdministrative Science Quarterly
942 _cAR